000 00442pab a2200145 454500
008 180718b2006 xxu||||| |||| 00| 0 eng d
100 _aSim, Sock-Fang
245 _aHegemonic authoritarianism and Singapore: economics, ideology and the Asian economic crisis
260 _c2006
300 _ap.143-59.
650 _aEconomic recession - Singapore
650 _aEconomic recession
773 _aJournal of Contemporary Asia
909 _a69597
999 _c69597
_d69597